Darts Checkouts - Statistics

General Stats
  • This quiz has been taken 308 times
  • The average score is 11 of 16
Answer Stats
Checkout Route Answer % Correct
T20 + T19 + D20 157
99%
SB + T20 + Bull 135
91%
T16 + D8 64
91%
Bull + Bull + D16 132
90%
T17 + 17 + D20 108
86%
T20 + T20 + D18 156
72%
T14 + D16 74
69%
T18 + T19 + Bull 161
66%
T19 + T16 + D9 123
64%
T17 + D18 87
56%
T19 + T19 + D20 154
52%
T18 + 10 + D20 104
51%
T19 + T15 + D18 138
49%
T20 + Bull + D16 142
47%
T19 + T14 + D10 119
44%
T19 + T16 + D16 137
37%
No matching quizzes found
Score Distribution
Percent of People with Each Score
Percentile by Number Answered
Your Score History
You have not taken this quiz